00469nam a2200145 a 450000100100000000500170001000800410002704000250006824500460009326000330013930000200017204900090019295201050020199900170030600003185420200930063231.0110706s2008 dr 000 0 spa d aDO-SdBNPbspacBNPHU00aPequeño divocionario al espiritu santo. aSanto Domingo :bMSC,c2008. a48 p. ;c14 cm. aBNPD 0010718PDaPDbPDcCTd2011-07-06iLF1l0o p31854-10r2020-06-25w2020-06-25yLFPDZNo se presta c31346d31346